000 00481nam a22001817a 4500
003 OSt
005 20240123113202.0
008 240123b |||||||| |||| 00| 0 eng d
020 _a9786240019712
040 _aLK-CoDNM
_dLK-CoDNM
_eLK-CoDNM
041 _asin
080 _a133.52
_bRAN
100 _aරණවීර,පියසේන
245 _aකුම්භ ලග්නය
260 _aColombo
_bS.Godage Saha Sahodarayo
_c2023
300 _a80p.,21cm
942 _n0
_cBK
999 _c144542
_d144542